| 000 | 00529nam a2200193Ia 4500 | ||
|---|---|---|---|
| 001 | 17165 | ||
| 008 | 140405s9999 xx 000 0 und d | ||
| 020 | _a0-13-209693-5 | ||
| 040 | _cPK-LaUMT | ||
| 082 |
_a 004.67 _bTAY-I |
||
| 100 | _aMark S. Taylor | ||
| 245 |
_aInternetwork mobility: _bThe CDPD approach. _cMark S. Taylor<>Mohsen Banan<>William Waung |
||
| 260 |
_aUpper Saddle River,USA: _bPrentice Hall, _c1997 |
||
| 300 | _a389 p. | ||
| 546 | _aEN | ||
| 700 | _aMohsen Banan | ||
| 700 | _aWilliam Waung | ||
| 942 | _cBK | ||
| 999 |
_c17593 _d17593 |
||